<?xml version="1.0" encoding="UTF-8"?>
<record
    xmlns:xsi="http://www.w3.org/2001/XMLSchema-instance"
    xsi:schemaLocation="http://www.loc.gov/MARC21/slim http://www.loc.gov/standards/marcxml/schema/MARC21slim.xsd"
    xmlns="http://www.loc.gov/MARC21/slim">

  <leader>00660nam a22001697a 4500</leader>
  <datafield tag="041" ind1=" " ind2=" ">
    <subfield code="a">eng</subfield>
  </datafield>
  <datafield tag="080" ind1=" " ind2=" ">
    <subfield code="a">81.2</subfield>
  </datafield>
  <datafield tag="090" ind1=" " ind2=" ">
    <subfield code="b">&#x416;&#x41B;&#x423;</subfield>
  </datafield>
  <datafield tag="100" ind1=" " ind2=" ">
    <subfield code="a">&#x416;&#x43B;&#x443;&#x43A;&#x442;&#x435;&#x43D;&#x43A;&#x43E;, &#x42E;.&#x41E;.</subfield>
  </datafield>
  <datafield tag="245" ind1=" " ind2=" ">
    <subfield code="a">&#x423;&#x43A;&#x440;&#x430;&#x457;&#x43D;&#x441;&#x44C;&#x43A;&#x43E;-&#x430;&#x43D;&#x433;&#x43B;&#x456;&#x439;&#x441;&#x44C;&#x43A;&#x438;&#x439; &#x441;&#x43B;&#x43E;&#x432;&#x43D;&#x438;&#x43A;</subfield>
  </datafield>
  <datafield tag="250" ind1=" " ind2=" ">
    <subfield code="a">2</subfield>
  </datafield>
  <datafield tag="260" ind1=" " ind2=" ">
    <subfield code="a">&#x41A;&#x438;&#x457;&#x432;</subfield>
    <subfield code="b">&#x420;&#x430;&#x434;&#x44F;&#x43D;&#x441;&#x44C;&#x43A;&#x430; &#x448;&#x43A;&#x43E;&#x43B;&#x430;</subfield>
    <subfield code="c">1984</subfield>
  </datafield>
  <datafield tag="300" ind1=" " ind2=" ">
    <subfield code="a">445</subfield>
  </datafield>
  <datafield tag="520" ind1=" " ind2=" ">
    <subfield code="a">&#x421;&#x43B;&#x43E;&#x432;&#x430;&#x440;&#x44C; &#x441;&#x43E;&#x434;&#x435;&#x440;&#x436;&#x438;&#x442; &#x43E;&#x43A;&#x43E;&#x43B;&#x43E; 20 000 &#x43D;&#x430;&#x438;&#x431;&#x43E;&#x43B;&#x435;&#x435; &#x443;&#x43F;&#x43E;&#x442;&#x440;&#x435;&#x431;&#x438;&#x442;&#x435;&#x43B;&#x44C;&#x43D;&#x44B;&#x445; &#x430;&#x43D;&#x433;&#x43B;&#x438;&#x439;&#x441;&#x43A;&#x438;&#x445; &#x441;&#x43B;&#x43E;&#x432; &#x438; &#x441;&#x43B;&#x43E;&#x432;&#x43E;&#x441;&#x43E;&#x447;&#x435;&#x442;&#x430;&#x43D;&#x438;&#x439;, &#x434;&#x43E;&#x441;&#x442;&#x430;&#x442;&#x43E;&#x447;&#x43D;&#x44B;&#x445; &#x434;&#x43B;&#x44F; &#x43F;&#x43E;&#x43D;&#x438;&#x43C;&#x430;&#x43D;&#x438;&#x44F; &#x442;&#x435;&#x43A;&#x441;&#x442;&#x43E;&#x432; &#x441;&#x440;&#x435;&#x434;&#x43D;&#x435;&#x439; &#x442;&#x440;&#x443;&#x434;&#x43D;&#x43E;&#x441;&#x442;&#x438;.</subfield>
  </datafield>
  <datafield tag="650" ind1=" " ind2=" ">
    <subfield code="a">Reference</subfield>
  </datafield>
  <datafield tag="999" ind1=" " ind2=" ">
    <subfield code="c">279762</subfield>
    <subfield code="d">279762</subfield>
  </datafield>
  <datafield tag="942" ind1=" " ind2=" ">
    <subfield code="c">BK</subfield>
  </datafield>
  <datafield tag="952" ind1=" " ind2=" ">
    <subfield code="0">0</subfield>
    <subfield code="1">0</subfield>
    <subfield code="2">udc</subfield>
    <subfield code="4">0</subfield>
    <subfield code="7">0</subfield>
    <subfield code="a">104</subfield>
    <subfield code="b">104</subfield>
    <subfield code="d">2005-08-08</subfield>
    <subfield code="e">&#x410;&#x43A;&#x442; &#x2116; 5\05</subfield>
    <subfield code="f">&#x410;75</subfield>
    <subfield code="g">5.00</subfield>
    <subfield code="l">0</subfield>
    <subfield code="o">81.2</subfield>
    <subfield code="p">204394</subfield>
    <subfield code="r">2021-11-30 00:00:00</subfield>
    <subfield code="w">2005-12-26</subfield>
    <subfield code="y">BK</subfield>
  </datafield>
  <datafield tag="952" ind1=" " ind2=" ">
    <subfield code="0">0</subfield>
    <subfield code="1">0</subfield>
    <subfield code="2">udc</subfield>
    <subfield code="4">0</subfield>
    <subfield code="7">0</subfield>
    <subfield code="a">104</subfield>
    <subfield code="b">104</subfield>
    <subfield code="d">2005-12-26</subfield>
    <subfield code="e">&#x410;&#x43A;&#x442; &#x2116; 5\05</subfield>
    <subfield code="f">&#x410;75</subfield>
    <subfield code="g">5.00</subfield>
    <subfield code="l">0</subfield>
    <subfield code="o">81.2</subfield>
    <subfield code="p">210970</subfield>
    <subfield code="r">2021-11-30 00:00:00</subfield>
    <subfield code="w">2005-12-26</subfield>
    <subfield code="y">BK</subfield>
  </datafield>
  <datafield tag="952" ind1=" " ind2=" ">
    <subfield code="0">0</subfield>
    <subfield code="1">0</subfield>
    <subfield code="2">udc</subfield>
    <subfield code="4">0</subfield>
    <subfield code="7">0</subfield>
    <subfield code="a">104</subfield>
    <subfield code="b">104</subfield>
    <subfield code="d">2005-12-26</subfield>
    <subfield code="e">&#x410;&#x43A;&#x442; &#x2116; 5\05</subfield>
    <subfield code="f">&#x410;75</subfield>
    <subfield code="g">5.00</subfield>
    <subfield code="l">0</subfield>
    <subfield code="o">81.2</subfield>
    <subfield code="p">210971</subfield>
    <subfield code="r">2021-11-30 00:00:00</subfield>
    <subfield code="w">2005-12-26</subfield>
    <subfield code="y">BK</subfield>
  </datafield>
</record>
